| 000 | 00486nam a2200205Ia 4500 | ||
|---|---|---|---|
| 003 | OSt | ||
| 005 | 20140426085429.0 | ||
| 008 | 140130s9999 xx 000 0 und d | ||
| 020 | _a0516420119 | ||
| 050 |
_aPZ 7 _b.M84698If 1992 |
||
| 100 | _aMoses, Amy | ||
| 245 |
_cAmy Moses _aIf I were an ant / |
||
| 260 |
_bScholastic, _c1992. _aNew York : |
||
| 300 |
_a30 p. : _bcol. ill. ; _c18 cm. |
||
| 440 | _v1 | ||
| 521 | _aG1 | ||
| 526 | _c150 | ||
| 942 |
_cBK _2lcc |
||
| 999 |
_c39880 _d39880 |
||